Del exceso de realidad /
Gorde:
| Egile nagusia: | |
|---|---|
| Formatua: | Liburua |
| Hizkuntza: | gaztelania |
| Argitaratua: |
México :
Fondo de Cultura Económica,
2004, c2004
|
| Saila: | (Colección Popular ;
259) |
| Gaiak: | |
| Etiketak: |
Etiketarik gabe, Izan zaitez lehena erregistro honi etiketa jartzen!
|
MARC
| LEADER | 00000nam^a2200000^a^4500 | ||
|---|---|---|---|
| 001 | 000166810 | ||
| 005 | 20250521000000.0 | ||
| 009 | 20260310101106.555 | ||
| 020 | |a 968-167165-1 | ||
| 037 | |a Acervo ITESO - Biblioteca | ||
| 041 | |a ESP | ||
| 082 | |a 149. 97 |b LEB | ||
| 100 | |a Le Brun, Annie |e (autor) | ||
| 245 | 1 | 0 | |a Del exceso de realidad / |c A. Le Brunn ; tr. por Fabbiene Bradu. |
| 264 | 4 | |a México : |b Fondo de Cultura Económica, |c 2004, c2004 | |
| 300 | |a 256 p. | ||
| 336 | |a texto |b txt |2 rdacontenido | ||
| 337 | |a sin mediación |b n |2 rdamedio | ||
| 338 | |a volumen |b nc |2 rdasoporte | ||
| 440 | 1 | |a (Colección Popular ; |v 259) | |
| 500 | |a Traducción de: Du trop de réalité | ||
| 649 | |a XX | ||
| 650 | |a Sociedad Postindustrial | ||
| 650 | |a Modernidad y Posmodernidad | ||
| 650 | |a Sociología de la Cultura | ||
| 650 | |a Filosofía del Siglo XX | ||
| 910 | |a Fondo General | ||
| 920 | |a Impresos - Libros | ||
| 930 | |a Colección General | ||
| 905 | |a 101 | ||
| 901 | |a 0500102243 |b IT1 |c ACC |u 20250521 | ||
| 902 | |a https://opac.biblio.iteso.mx/vufind/Record/000166810 | ||